| 000 | 00713cam a2200265 4500 | ||
|---|---|---|---|
| 008 | 000000n1999 000 0 eng u | ||
| 020 | _a041925420X | ||
| 035 | _a(Sirsi) u101049 | ||
| 041 | _aeng | ||
| 050 | _a692.5 | ||
| 110 |
_aDavis Langdon and Everest _91155 |
||
| 245 | _aSpon's architects' and builders' price book 2000. | ||
| 250 | _a125th ed. | ||
| 260 |
_aLondon _bE & F N Spon _c1999 |
||
| 300 | _axxxiv,963p. ; 24cm. | ||
| 350 | _a80.00 | ||
| 650 | _aARCHITECTS | ||
| 650 | _aBUILDERS | ||
| 650 | _aBUILT ENVIRONMENT-BUILDING COSTS | ||
| 650 | _aLABOUR COSTS | ||
| 650 | _aBUILDING PRICE BOOKS | ||
| 690 | _aBUILT ENVIRONMENT-BUILDING COSTS | ||
| 942 | _n0 | ||
| 948 | _c03/09/1998 | ||
| 999 |
_c100004 _d100004 |
||